000 00641nam a2200181Ia 4500
003 GCL
008 140319s9999 xx 000 0 ara d
040 _aGCL /
_cGCL
082 0 4 _a250
_bب ا
100 1 _aالبصرى البغدادى,ابى الحسن بن ح
245 1 0 _aالاحكام السلطانية والولايات الدينية /
_cالبصرى البغدادى,ابى الحسن بن ح
260 _a[S.N] :
_bدار الكتب العلمية للنشر والتوزيع
300 _a327 ص
490 _a
650 0 4 _aالشريعة الاسلامية
650 0 4 _aالفقه الاسلامى
942 _2ddc
_cBK
999 _c53492
_d53492